[Event "Polar Capital Jersey Festival"]
[Site "St. Helier"]
[Date "2017.04.04"]
[Round "5"]
[White "Wojciechowski, Paul"]
[Black "Thalwitzer, David"]
[Result "1/2-1/2"]
[WhiteElo "1979"]
[BlackElo "2114"]
[Annotator "NA"]
[PlyCount "82"]
[EventDate "2017.??.??"]
[EventCountry "JCI"]
[SourceTitle "playchess.com"]
[Source "ChessBase"]
[SourceQuality "1"]
[TimeControl "5400+30"]

1. e4 c5 2. Nf3 g6 3. d4 cxd4 4. Nxd4 Nc6 5. Nc3 d6 6. Be3 Nf6 7. f3 Bg7 8. Qd2 O-O 9. Bc4 (9. O-O-O $16) 9... Bd7 10. h4 h5 11. O-O-O Rc8 12. Bb3 Ne5 13. Bg5 Rc5 14. Kb1 b5 15. g4 hxg4 {LiveBook: 52 Games} 16. h5 Nxh5 17. Rxh5 $2 (17. Nd5 $16 {and life is bright.} Re8 18. fxg4 Bxg4 19. Rdg1) 17... gxh5 18. Nd5 {[#]} Rxd5 $1 19. Bxd5 gxf3 (19... Nxf3 $142 20. Nxf3 gxf3) 20. Qh2 (20. Rg1 $17 {keeps fighting.} Bg4 21. Nf5) 20... Bg4 21. Nf5 Ng6 22. Rg1 Be5 23. Qh1 Bxf5 24. exf5 f2 $18 25. fxg6 fxg1=Q+ 26. Qxg1 Qc8 27. Bxe7 Qg4 28. Qxg4 hxg4 29. Bxf8 Kxf8 30. gxf7 Ke7 31. a3 Bg7 32. Kc1 g3 33. b3 Kf6 34. Kd2 Ke5 35. Bf3 Ke6 36. Ke2 Kxf7 37. Bc6 a6 38. Kf3 Be5 39. Bb7 a5 40. b4 axb4 41. axb4 Bc3 1/2-1/2

[Event "Polar Capital Jersey Festival"]
[Site "St. Helier"]
[Date "2017.04.05"]
[Round "6"]
[White "Hillarp Persson, Tiger"]
[Black "Speelman, Jon S"]
[Result "1/2-1/2"]
[WhiteElo "2503"]
[BlackElo "2511"]
[Annotator "TA"]
[PlyCount "32"]
[EventDate "2017.??.??"]
[EventCountry "JCI"]
[SourceTitle "playchess.com"]
[Source "ChessBase"]
[SourceQuality "1"]

{[%evp 20,32,4,8,8,0,2,2,2,2,2,3,0,1,2]} 1. c4 e6 2. g3 d5 3. Nf3 dxc4 4. Qa4+ Nd7 5. Qxc4 b6 6. d4 Bb7 7. Nc3 a6 8. a4 Ngf6 9. Bg2 c5 10. O-O Rc8 11. Bf4 {LiveBook: 3 Games. The position is equal.} Be7 $146 {A13: English Opening: 1...e6} (11... cxd4 12. Qxd4 Bc5 13. Qd3 O-O 14. Rad1 Be7 15. Ng5 Bxg2 {½-½ (15) Benko,P (2440)-Lechtynsky,J (2455) Augsburg 1987}) 12. Rad1 O-O 13. Ne5 cxd4 14. Qxd4 Bxg2 15. Kxg2 {[%cal Re5d7]} Nxe5 16. Bxe5 Qxd4 1/2-1/2

[Event "Polar Capital Jersey Festival"]
[Site "St. Helier"]
[Date "2017.04.05"]
[Round "6"]
[White "Hebden, Mark L"]
[Black "Kirby, Peter J"]
[Result "1-0"]
[WhiteElo "2494"]
[BlackElo "1985"]
[Annotator "TA"]
[PlyCount "75"]
[EventDate "2017.??.??"]
[EventCountry "JCI"]
[SourceTitle "playchess.com"]
[Source "ChessBase"]
[SourceQuality "1"]

{[%evp 8,75,16,-17,10,14,19,-7,29,8,13,4,22,21,26,7,19,27,34,0,0,0,31,35,62,62,85,79,74,82,89,91,102,104,95,96,102,93,94,77,86,78,86,78,112,85,108,84,83,62,103,99,99,94,107,71,102,39,69,47,53,62,79,52,246,246,316,304,325,303]} 1. d4 Nf6 2. Bf4 g6 3. Nc3 d5 4. Qd2 Bg7 5. Bh6 O-O {D01: Veresov Opening} 6. Bxg7 (6. h4 c5 7. Bxg7 Kxg7 8. e3 cxd4 9. exd4 h5 10. Bd3 Nc6 11. Nge2 Nb4 12. Nf4 Qb6 13. Nce2 Nxd3+ 14. cxd3 {½-½ (48) Naroditsky,D (2646)-Shankland,S (2674) chess.com INT 2017}) 6... Kxg7 7. e3 Nc6 {The position is equal.} 8. Bb5 $146 (8. O-O-O Bf5 9. f3 a6 10. g4 Be6 11. g5 Nh5 12. e4 b5 13. Kb1 {½-½ (65) Gerber,V (2147)-Leshchenko,V (2159) Kiev 2005}) 8... Qd6 9. Nge2 e5 (9... h5 $5 {looks sharper.} 10. f3 a6 11. Bxc6 Qxc6 12. O-O Bf5) 10. Bxc6 bxc6 {[%cal Bb7c6,Bc6c5,Bc5c4][%mdl 32]} 11. dxe5 Qxe5 12. Qd4 Qxd4 13. Nxd4 (13. exd4 $5 {is more complex.} h5 14. f3 h4 15. Kd2 Ba6 16. Rhe1) 13... c5 14. Nb3 c4 15. Nc5 c6 16. O-O-O Ng4 17. Rd2 f5 18. b3 cxb3 19. cxb3 Re8 20. h3 Nf6 21. Rc2 Ne4 22. N3a4 Nd6 23. Kb2 f4 24. exf4 Bf5 25. Rd2 Re7 26. Nc3 Rae8 27. Rhd1 h5 28. Rd4 (28. h4 $5 {is interesting.} a5 29. Rc1 Kg8 30. Rg1 Kh7 31. Ka3) 28... Re1 29. Rxe1 Rxe1 30. Rd1 Re7 31. a4 Kf6 32. Rd2 ({Better is} 32. b4 $16) 32... Re1 33. Ne2 Ne4 34. Nxe4+ dxe4 35. Nd4 c5 $2 {[#]} (35... Rg1 $1 $14) 36. Nc2 $1 $18 {[%cal Rc2e1]} Rg1 {[#]} 37. Ne3 $1 Re1 38. Rc2 1-0

[Event "Polar Capital Jersey Festival"]
[Site "St. Helier"]
[Date "2017.04.05"]
[Round "6"]
[White "Rudd, Jack"]
[Black "Merry, Alan B"]
[Result "1/2-1/2"]
[WhiteElo "2177"]
[BlackElo "2412"]
[Annotator "TA"]
[PlyCount "30"]
[EventDate "2017.??.??"]
[EventCountry "JCI"]
[SourceTitle "playchess.com"]
[Source "ChessBase"]
[SourceQuality "1"]

{[%evp 7,18,27,38,-9,38,23,22,3,8,-14,39,0,5]} 1. c4 d5 2. Nf3 c6 3. Nc3 Nf6 4. e3 a6 5. c5 {A11: English Opening: 1...c6} b5 6. d4 Nbd7 7. Bd2 a5 8. Bd3 g6 (8... e5 $11 9. Be2 (9. Nxe5 Nxe5 10. dxe5 Nd7 $15) (9. dxe5 Ng4 $11) 9... b4) 9. Qc2 Bg7 10. h3 $146 O-O 11. O-O Re8 12. Ne2 Qc7 13. Rae1 e5 14. Nxe5 Nxe5 15. dxe5 Qxe5 {½-½ (48) Morozevich,A (2771)-Aronian,L (2750) Nice 2009} 1/2-1/2

[Event "Polar Capital Jersey Festival"]
[Site "St. Helier"]
[Date "2017.04.05"]
[Round "6"]
[White "Thalwitzer, David"]
[Black "Robertson, Ian C"]
[Result "1-0"]
[WhiteElo "2114"]
[BlackElo "2053"]
[Annotator "ChessBase"]
[PlyCount "83"]
[EventDate "2017.??.??"]
[EventCountry "JCI"]
[SourceTitle "playchess.com"]
[Source "ChessBase"]
[SourceQuality "1"]
[TimeControl "5400+30"]

1. e4 e6 2. d4 d5 3. e5 c5 4. c3 Nc6 5. Nf3 Nh6 6. a3 f6 7. b4 cxb4 8. cxb4 fxe5 9. dxe5 Nf7 10. Bb2 Bd7 11. Nbd2 Qb8 12. Qe2 a6 13. Nb3 b5 14. g3 Be7 15. Rc1 O-O 16. Nc5 Bxc5 17. Rxc5 Rc8 18. Bh3 Ncd8 19. Rxc8 Qxc8 20. O-O Ra7 21. Nd4 Rc7 22. f4 Rc4 23. f5 Ng5 24. Bg2 Nc6 25. Nxe6 Bxe6 26. fxe6 Qxe6 27. Qf2 h6 28. Qf8+ Kh7 29. h4 Ne4 30. Rf7 Qg6 31. e6 Nd4 32. Bxe4 dxe4 33. Bxd4 Qxg3+ 34. Kh1 Qxh4+ 35. Kg2 Qg4+ 36. Kh2 Rxd4 37. e7 Rd2+ 38. Rf2 Qh4+ 39. Kg2 Rxf2+ 40. Qxf2 Qxe7 41. Qf5+ g6 42. Qc5 1-0

[Event "Polar Capital Jersey Festival"]
[Site "St. Helier"]
[Date "2017.04.05"]
[Round "6"]
[White "Waddington, Mike P"]
[Black "Abbas, Daniel"]
[Result "0-1"]
[WhiteElo "2061"]
[BlackElo "2285"]
[Annotator "TA"]
[PlyCount "90"]
[EventDate "2017.??.??"]
[EventCountry "JCI"]
[SourceTitle "playchess.com"]
[Source "ChessBase"]
[SourceQuality "1"]

{[%evp 10,90,19,2,15,-6,16,-5,28,-6,10,-14,0,-6,1,2,68,2,10,10,3,-26,-35,-29,-28,-25,-33,-40,-16,-62,-47,-64,-14,-92,-23,-52,-4,-18,-17,-29,-14,-13,-7,-10,-12,-12,-11,-76,0,-11,0,-73,-15,-39,-34,-38,-40,-79,-92,-132,-100,-104,-105,-98,-105,-105,-101,-125,-132,-179,-181,-184,-174,-179,-169,-241,-248,-231,-230,-746,-729,-1564,-1388]} 1. c4 c5 2. Nc3 Nc6 3. g3 g6 4. Bg2 Bg7 5. a3 b6 6. b4 Bb7 {A36: Symmetrical English vs ...g6: 4 Bg2 Bg7} 7. Rb1 Rb8 8. Qa4 (8. Nf3 Nf6 9. O-O O-O 10. e3 cxb4 11. axb4 d5 12. cxd5 Nxd5 13. Nxd5 Qxd5 14. d4 {1-0 (51) Grischuk,A (2747)-Ponomariov,R (2706) Almaty 2016}) 8... Nf6 $146 {The position is equal.} (8... Ba8 9. Nh3 Nf6 10. O-O O-O 11. d3 Nd4 12. Qxa7 Bxg2 13. Kxg2 Ra8 14. Qb7 Rb8 15. Qa7 Ra8 {½-½ (15) Kozlov,O (2400)-Vadasz,L (2305) Ajka 1992}) 9. Nh3 Qc8 10. Nf4 cxb4 11. axb4 Ne5 12. d3 a6 (12... g5 $11 13. Nfd5 Nxd5 14. Nxd5 e6) 13. Bxb7 (13. b5 $1 $14) 13... Qxb7 $11 14. O-O b5 $36 {[%mdl 2048] Black is pushing.} 15. cxb5 axb5 16. Qb3 O-O 17. Bb2 e6 18. Ra1 Nc6 19. Nb1 Rfc8 20. Nd2 d6 21. Ra2 (21. Rfc1 $11 {remains equal.}) 21... Ra8 (21... e5 $17 22. Ng2 d5) 22. Rfa1 {[#] Strongly threatening Rxa8.} Nd8 23. Nf3 (23. Rxa8 $5 {seems wilder.} Rxa8 24. Rxa8 Qxa8 25. Ng2 Qa4 26. Ne3) 23... e5 {White must now prevent ...Rxa2.} 24. Ng2 Nd7 25. Ne3 Nb6 26. Rxa8 Rxa8 27. Rxa8 Qxa8 28. Ng5 (28. h4 $1 $11 {was the only way to keep the balance.}) 28... Na4 (28... d5 $17) 29. Ba1 Nb6 (29... Qc6 $11) 30. Bb2 $17 Qc6 ({Black should try} 30... d5 $17) 31. Ne4 Ne6 32. Qc2 Qd7 33. Nd2 d5 {[%cal Bd6d5,Bd5d4][%mdl 32]} 34. Nb3 Na4 35. Bc1 d4 36. Nd1 Bf8 37. Bd2 Nc7 38. Nb2 {[#]} Nb6 $1 39. Nc5 Qc6 40. Qb3 Bxc5 41. bxc5 Qxc5 42. Bb4 (42. e4 {keeps fighting.}) 42... Qc1+ $19 43. Kg2 Ncd5 44. Bd6 $2 (44. Nd1) 44... Qc6 {( -> ...Nf4+)} 45. e4 dxe3 0-1

[Event "Polar Capital Jersey Festival"]
[Site "St. Helier"]
[Date "2017.04.05"]
[Round "6"]
[White "Hickman, John E"]
[Black "Klingher, Dominic"]
[Result "0-1"]
[WhiteElo "1897"]
[BlackElo "2116"]
[Annotator "ChessBase"]
[PlyCount "64"]
[EventDate "2017.??.??"]
[EventCountry "JCI"]
[SourceTitle "playchess.com"]
[Source "ChessBase"]
[SourceQuality "1"]
[TimeControl "5400+30"]

1. Nf3 d6 2. e4 Nf6 3. Nc3 Nbd7 4. d4 e5 5. g3 Be7 6. Bg2 c6 7. O-O h6 8. a4 O-O 9. h3 Qc7 10. Be3 Re8 11. Qd2 Bf8 12. dxe5 dxe5 13. Nh4 Nc5 14. Rad1 a5 15. Kh2 Be6 16. b3 Rad8 17. Qc1 Bc8 18. Rxd8 Rxd8 19. f4 exf4 20. gxf4 Re8 21. e5 Rxe5 22. fxe5 Qxe5+ 23. Bf4 Qxc3 24. Nf3 Nd5 25. Be5 Qb4 26. Bg3 Ne4 27. Be5 f6 28. Bb8 Bd6+ 29. Bxd6 Qxd6+ 30. Kg1 Bxh3 31. Qe1 Bxg2 32. Kxg2 Qf4 0-1

[Event "Polar Capital Jersey Festival"]
[Site "St. Helier"]
[Date "2017.04.05"]
[Round "6"]
[White "Ingham, H William"]
[Black "Mooney, Graham"]
[Result "1/2-1/2"]
[WhiteElo "1860"]
[BlackElo "1875"]
[Annotator "NA"]
[PlyCount "36"]
[EventDate "2017.??.??"]
[EventCountry "JCI"]
[SourceTitle "playchess.com"]
[Source "ChessBase"]
[SourceQuality "1"]
[TimeControl "5400+30"]

1. d4 d6 2. Nf3 g6 3. Bf4 Bg7 4. e3 c5 5. c3 cxd4 6. cxd4 Nf6 7. Be2 O-O 8. O-O Nbd7 9. Nc3 b6 10. Rc1 Bb7 11. a4 Nd5 12. Nxd5 Bxd5 13. Nd2 Nf6 14. Bf3 Bxf3 15. Qxf3 Qd7 16. Qc6 Rac8 17. Qxd7 Nxd7 18. Nb3 Nf6 1/2-1/2

[Event "Polar Capital Jersey Festival"]
[Site "St. Helier"]
[Date "2017.04.06"]
[Round "7"]
[White "Merry, Alan B"]
[Black "Hillarp Persson, Tiger"]
[Result "1-0"]
[WhiteElo "2412"]
[BlackElo "2503"]
[Annotator "TA"]
[PlyCount "115"]
[EventDate "2017.??.??"]
[EventCountry "JCI"]
[SourceTitle "playchess.com"]
[Source "ChessBase"]
[SourceQuality "1"]

{[%evp 10,115,20,15,14,14,14,16,19,18,26,30,29,11,18,0,8,0,0,0,13,0,0,0,0,0,7,0,18,30,31,25,43,36,50,47,61,58,88,92,81,92,93,86,81,86,98,99,97,86,133,111,123,64,108,98,101,101,115,72,67,70,136,84,319,312,312,313,334,321,300,302,296,290,348,349,470,343,550,544,997,972,972,973,858,762,1093,980,962,940,941,883,1016,876,1053,1030,1375,1375,1696,1550,1411,1414,1406,1399,2085,1800,29990,29991]} 1. e4 c5 2. Nf3 d6 3. Bb5+ Nd7 4. c3 Ngf6 5. Qe2 a6 6. Ba4 g6 {B51: Sicilian: Moscow Variation (3 Bb5+) without 3...Bd7} (6... e6 7. Bc2 b5 8. d4 Bb7 9. O-O Be7 10. Rd1 O-O 11. Bf4 cxd4 12. cxd4 Rc8 13. Bd3 e5 14. dxe5 {0-1 (36) Lu,S (2627)-Vachier Lagrave,M (2804) Doha 2016}) 7. Bc2 b5 8. d4 cxd4 {The position is equal.} 9. cxd4 Nb6 {[%cal Bd7b6,Bb6a4,Ba4c5][%mdl 32]} 10. O-O Bg7 11. Re1 O-O 12. Nbd2 Bb7 13. Nf1 Rc8 14. Ng3 Na4 $146 15. h3 Qc7 16. Bd3 e5 17. d5 Nc5 18. Bb1 b4 19. Be3 a5 20. Rc1 Nfd7 21. Bd3 Qd8 22. Nd2 Qe7 23. Nb3 Ra8 24. Nxc5 Nxc5 25. Bxc5 dxc5 26. a4 Bh6 27. Rc2 Kh8 28. Rd1 Qd6 29. b3 Ra7 30. Bb5 Bc8 {[#]} 31. Re1 ({White should try} 31. Nf1 $1 $16) 31... Bg5 32. Qc4 Rc7 33. Bc6 Be7 34. Qb5 f5 35. Nf1 {[%cal Bg3f1,Bf1d2,Bd2c4][%mdl 32]} (35. Qxa5 Kg8 36. exf5 gxf5 $16) 35... f4 {[#]} (35... Ra7 $1 $14) 36. f3 (36. Nd2 $142 $1) 36... Qf6 $2 (36... Ra7 $16) 37. Qxa5 $18 Bd6 38. Nd2 Qh4 39. Rd1 Rg7 40. Nc4 Bb8 41. Qxc5 Ba7 42. Nb6 Rfg8 43. d6 (43. Qxb4 Bxh3 44. a5 g5 $18) 43... Bxh3 $2 (43... Be6 44. Qxb4 Rb8) 44. a5 (44. Qxb4 g5 45. Bd5 (45. gxh3 g4 46. Bd7 Qxh3 $19) 45... g4 46. Bxg8 Bxg2 47. Rxg2 gxf3 48. Rxg7 Kxg7 $19) 44... Be6 45. Bd5 ({Less strong is} 45. Qxe5 Bxb3 46. Rcd2 Bxd1 47. Rxd1 Qh5 $16) 45... Qf6 46. Bxe6 Qxe6 47. Qd5 Qf6 48. Rc6 Rd7 49. Kf1 Rdd8 50. d7 Qg5 51. Re6 Bb8 52. Nc4 Qh4 53. Nxe5 {Black must now prevent Qd4.} Qh1+ 54. Kf2 Ba7+ 55. Rb6 {Nf7+ would kill now.} Qh4+ 56. Kg1 Kg7 57. Qf7+ Kh6 58. Ng4+ 1-0

[Event "Polar Capital Jersey Festival"]
[Site "St. Helier"]
[Date "2017.04.06"]
[Round "7"]
[White "Abbas, Daniel"]
[Black "Speelman, Jon S"]
[Result "1/2-1/2"]
[WhiteElo "2285"]
[BlackElo "2511"]
[Annotator "TA"]
[PlyCount "60"]
[EventDate "2017.??.??"]
[EventCountry "JCI"]
[SourceTitle "playchess.com"]
[Source "ChessBase"]
[SourceQuality "1"]

{[%evp 14,60,57,52,66,42,87,39,50,32,21,24,13,-13,-13,-23,-10,-28,-20,-26,-27,-28,-20,-21,-31,-51,-39,-29,-25,-33,-40,-54,-12,-18,-7,-14,-5,-10,-9,-13,-11,-12,0,-1,-1,-2,-2,-2,0]} 1. e4 c5 2. Nf3 Nc6 3. Bb5 d6 4. O-O Bd7 5. c3 Nf6 6. Re1 a6 7. Ba4 c4 8. Bc2 {LiveBook: 80 Games} e6 {B51: Sicilian: Moscow Variation (3 Bb5+) without 3...Bd7} (8... Ng4 9. b3 b5 10. bxc4 bxc4 11. Na3 Nge5 12. Qe2 Nxf3+ 13. gxf3 Ne5 14. Nxc4 Nxc4 15. Qxc4 e6 16. d4 {½-½ (38) Svidler,P (2727)-Ivanchuk,V (2786) Nanjing 2008}) 9. b3 b5 10. a4 Be7 $146 {White is slightly better.} (10... Na5 11. b4 Nc6 12. axb5 axb5 13. Rxa8 Qxa8 14. Na3 Na7 15. d3 cxd3 16. Bxd3 {½-½ (61) Gdanski,J (2480)-Protaziuk,G (2285) Lubniewice 1995}) 11. axb5 axb5 12. Rxa8 Qxa8 13. Na3 cxb3 14. Bxb3 O-O 15. Qe2 Rb8 16. Nc2 b4 17. cxb4 Nxb4 18. Nxb4 Rxb4 19. Bc4 Bf8 ({Of course not} 19... d5 $6 20. exd5 Rb6 21. dxe6 Bxe6 22. d3 $16) 20. e5 Nd5 {...Nf4 is the strong threat.} 21. d4 Nc3 22. Qf1 d5 23. Bd3 {The position is equal.} Ne4 24. Be3 Qb7 25. Rb1 Rxb1 26. Qxb1 Qxb1+ 27. Bxb1 Bb5 28. Ng5 Nxg5 29. Bxg5 Bb4 30. Be3 Bc3 1/2-1/2

[Event "Polar Capital Jersey Festival"]
[Site "St. Helier"]
[Date "2017.04.06"]
[Round "7"]
[White "House, Glenn L"]
[Black "Pleasants, Allan J"]
[Result "1-0"]
[WhiteElo "2211"]
[BlackElo "1982"]
[Annotator "NA"]
[PlyCount "81"]
[EventDate "2017.??.??"]
[EventCountry "JCI"]
[SourceTitle "playchess.com"]
[Source "ChessBase"]
[SourceQuality "1"]
[TimeControl "5400+30"]

1. Nf3 g6 2. g3 Bg7 3. Bg2 Nf6 4. O-O O-O 5. d3 d5 6. Nbd2 Nc6 7. e4 {LiveBook: 185 Games A07: Réti Opening: New York and Capablanca Systems} Rb8 $146 (7... e5 8. exd5 Nxd5 9. Re1 Re8 10. c3 a5 11. a4 h6 12. Nc4 Nb6 13. Nxb6 cxb6 14. Be3 Be6 15. Nd2 f5 16. Nc4 Bxc4 17. dxc4 e4 18. Qxd8 Raxd8 19. Red1 Ne5 {1-0 (60) Bachmann,A (2628)-Shirov,A (2683) Florianopolis 2017}) 8. Re1 Bg4 9. h3 Bxf3 10. Qxf3 Nd4 11. Qd1 dxe4 12. dxe4 Nd7 13. Nb3 Nb6 14. c3 Ne6 15. Qe2 c5 16. Be3 Qc7 17. a4 Nd7 18. f4 b6 19. Red1 Rbd8 20. a5 c4 21. axb6 axb6 22. Nd4 Nxd4 23. cxd4 b5 24. Rac1 Nb6 25. Qf2 Qd7 26. d5 Na4 27. e5 $16 g5 28. Qc2 gxf4 29. gxf4 f6 30. e6 Qe8 31. f5 Qh5 32. d6 Rxd6 33. Rxd6 exd6 34. b3 cxb3 35. Qxb3 Kh8 36. Qxb5 Bh6 37. Bxh6 Qxh6 38. Re1 Rg8 39. e7 Nc3 40. Qc6 Qd2 41. e8=Q 1-0

[Event "Polar Capital Jersey Festival"]
[Site "St. Helier"]
[Date "2017.04.06"]
[Round "7"]
[White "Klingher, Dominic"]
[Black "Rudd, Jack"]
[Result "0-1"]
[WhiteElo "2116"]
[BlackElo "2177"]
[Annotator "NA"]
[PlyCount "56"]
[EventDate "2017.??.??"]
[EventCountry "JCI"]
[SourceTitle "playchess.com"]
[Source "ChessBase"]
[SourceQuality "1"]
[TimeControl "5400+30"]

{[%evp 8,52,0,-2,-6,22,17,12,25,2,7,12,16,2,6,11,8,32767,32767,32767,32767,32767,32767,32767,32767,32767,32767,-368,-281,-389,-395,32767,-382,32767,-347,-391,32767,-580,-627,-580,-662,-672,-718,-677,-846,-29996,-735]} 1. d3 e5 2. Nd2 {A00: Irregular Openings} (2. g3 Nc6 3. Bg2 g6 4. c4 Bg7 5. Nc3 Nge7 6. e3 O-O 7. Nge2 d6 8. O-O Be6 9. Nd5 Qd7 10. Nec3 Nc8 11. b4 Nd8 12. Ne4 f5 13. Ng5 c6 14. Nxe6 Nxe6 15. Nc3 Ne7 16. b5 f4 17. bxc6 bxc6 {0-1 (36) Kadric,D (2537)-Stankovic,M (2424) ICC INT 2015}) 2... f5 3. e4 Nf6 4. Ngf3 Nc6 5. Be2 $146 (5. c3 Bc5 6. b4 Bb6 7. Be2 d5 8. b5 fxe4 9. dxe4 Ne7 {1-0 (30) Bouhallel,R (2339)-Marie,M (2137) Avoine 2004}) 5... Bc5 6. c3 d6 7. b4 Bb6 8. a4 a6 9. O-O O-O 10. Nc4 Ba7 11. Qc2 Ne7 12. Ba3 Ng6 13. Rfd1 Nf4 14. Bf1 Qe8 15. b5 fxe4 16. dxe4 Qg6 17. b6 $2 (17. g3 $17 {only move.} Nxe4 18. b6 Ng5 19. Qxg6 Nxf3+ 20. Kh1 Nxg6 21. bxc7 $17) 17... Nh3+ $1 18. Kh1 Nxe4 19. Rd2 Rxf3 ({Don't do} 19... Nxd2 20. Qxd2 Rxf3 21. Qd5+ Rf7 22. gxh3 $19) ({Weaker is} 19... cxb6 20. Ncxe5 dxe5 21. Bxf8 Nxd2 22. Qxd2 $17) 20. gxh3 Bf5 ({Not} 20... Nxd2 21. Qxd2 Qe4 22. Re1) (20... cxb6 $2 {[#]} 21. Nxe5 $1 {[%mdl 512]} Nxf2+ 22. Rxf2 Qxc2 23. Rxc2 dxe5 24. Bg2 $19) ({Weaker is} 20... Bxh3 21. Bxh3 Rxh3 22. bxa7 Nxd2 23. Qxg6 hxg6 24. Nxd2 $19) 21. Qa2 Nxd2 22. Nxd2+ (22. Nxe5+ $142 Be6 23. Qxd2 dxe5 24. bxa7) 22... Be6 23. Bc4 Rxf2 24. Bxe6+ Kh8 25. Rg1 Qd3 26. Bc1 Bxb6 (26... Qe2 $142 27. Rg2 Rxg2 28. bxa7 Rxh2+ 29. Kg1 Qg2#) 27. Qc4 Rxd2 28. Qg4 Bxg1 0-1

[Event "Polar Capital Jersey Festival"]
[Site "St. Helier"]
[Date "2017.04.06"]
[Round "7"]
[White "Thalwitzer, David"]
[Black "Hebden, Mark L"]
[Result "1/2-1/2"]
[WhiteElo "2114"]
[BlackElo "2494"]
[Annotator "TA"]
[PlyCount "102"]
[EventDate "2017.??.??"]
[EventCountry "JCI"]
[SourceTitle "playchess.com"]
[Source "ChessBase"]
[SourceQuality "1"]

{[%evp 14,102,21,7,12,6,2,2,2,-15,-10,-11,-4,-21,-20,-20,-4,-7,46,51,56,56,61,12,19,14,12,0,16,27,23,24,24,-10,-10,3,18,-17,-12,-16,22,-21,-19,-10,-23,-68,-24,-31,-30,-111,-122,-122,-117,-102,-104,-111,-75,-77,-79,-67,-72,-76,-69,-76,-42,-43,-43,-43,-30,-28,-20,-12,0,-45,8,0,51,50,74,67,63,59,92,31,31,8,8,0,0,0,0]} 1. e4 e5 2. Nf3 Nc6 3. Bb5 a6 4. Ba4 Nf6 5. d3 d6 6. c3 g6 7. Nbd2 Bg7 8. Nf1 b5 {C77: Ruy Lopez: 3...a6 4 Ba4 Nf6, unusual lines} 9. Bb3 (9. Bc2 d5 10. exd5 Nxd5 11. Ne3 Nf4 12. g3 Ne6 13. h4 h5 14. Bb3 Na5 15. Bd5 c6 16. Bxe6 Bxe6 {0-1 (38) Antipov,M (2584)-Naiditsch,A (2667) Jerusalem 2016}) 9... Na5 10. Bc2 c5 11. Ng3 Nc6 12. O-O O-O 13. Bg5 $146 (13. a3 h6 14. b4 Be6 15. Rb1 Qe7 16. h3 d5 17. Bd2 dxe4 18. dxe4 {½-½ (41) Bojkovic,N (2378)-Kashlinskaya,A (2360) Valjevo 2011}) 13... h6 14. Be3 Ng4 15. Bd2 d5 (15... Qe7 $11) 16. exd5 $14 Qxd5 17. h3 Nf6 18. Be3 Be6 19. Qd2 Kh7 20. Rfd1 Rac8 21. Bb3 c4 22. dxc4 bxc4 23. Qe2 Qb5 24. Bc2 Rfd8 (24... Kg8 $5 {feels hotter.} 25. Qd2 Rcd8 26. Qc1 Kh7 27. b3 Rxd1+ 28. Bxd1 Nd5) 25. b3 (25. a4 $5 {creates asymmetry.} Qb7 26. h4 Bd5 27. Rab1 e4 28. Nd2) 25... cxb3 26. axb3 Rxd1+ (26... Qxe2 $5 {is interesting.} 27. Nxe2 Rxd1+ 28. Rxd1 a5 29. c4 a4) 27. Bxd1 (27. Qxd1 $5 {seems wilder.} Nd5 28. Bd2 Nf4 29. h4 Kg8 30. h5) 27... Qxe2 28. Nxe2 a5 29. Ra4 Rb8 30. Nd2 Nd5 31. Bc5 {[#]} (31. Bc2 $11) 31... Rd8 $1 $17 32. Ra2 f5 33. Kf1 e4 34. Bd4 Nxd4 35. cxd4 Nb4 36. Rxa5 Bxd4 37. Nxd4 Rxd4 38. Ke2 f4 39. Ra7+ Kg8 40. Rc7 Bd5 {[#] ...f3+! is the strong threat.} 41. Bc2 Bc6 42. Bb1 Kf8 43. Nc4 Bb5 (43... f3+ $15 44. gxf3 exf3+ 45. Ke1 (45. Ke3 Rd1 46. Rxc6 Re1+ 47. Kxf3 Nxc6 48. Bxg6 Nd4+ 49. Kf4 Nxb3 $17) 45... Be4 46. Bxe4 Rxe4+ 47. Kf1 Nd3 48. Rc8+ Kg7 49. Rc7+ Kf6) 44. Ke1 {Hoping for Rb7.} Nd3+ ({Black should play} 44... Be8 $11) 45. Bxd3 $1 $14 exd3 {[%mdl 4096] Endgame KRB-KRN} 46. Kd2 g5 47. Rc5 Bd7 48. Ne5 (48. Kc3 $16 Re4 49. Ne5 (49. Kxd3 Re1 $16)) 48... Be6 49. Rc3 Rb4 {The position is equal.} 50. Nxd3 Rxb3 51. Rxb3 Bxb3 1/2-1/2

[Event "Polar Capital Jersey Festival"]
[Site "St. Helier"]
[Date "2017.04.06"]
[Round "7"]
[White "Kirby, Peter J"]
[Black "Heppell, Ian N"]
[Result "1/2-1/2"]
[WhiteElo "1985"]
[BlackElo "2081"]
[Annotator "NA"]
[PlyCount "55"]
[EventDate "2017.??.??"]
[EventCountry "JCI"]
[SourceTitle "playchess.com"]
[Source "ChessBase"]
[SourceQuality "1"]
[TimeControl "5400+30"]

{[%evp 8,50,28,30,36,3,7,31,30,29,58,42,67,32767,32767,32767,32767,32767,32767,31,32767,54,76,43,79,59,68,66,91,78,32767,77,32767,32767,32767,32767,32767,32767,32767,32767,32767,198,432,388,470]} 1. Nf3 d6 2. d4 f5 3. g3 Nf6 4. Bg2 g6 5. O-O Bg7 6. b4 O-O 7. Bb2 {LiveBook: 178 Games} c6 8. c4 {A81: Dutch Defence: 2 g3} Qc7 (8... Kh8 9. Nbd2 Be6 10. Qc2 Nbd7 11. Rfe1 Bg8 12. a4 a6 13. a5 d5 14. Ne5 Ne4 15. cxd5 cxd5 {1-0 (35) Aleksandrov,A (2574)-Lu,S (2627) Doha 2016}) 9. Qb3 Ne4 $146 (9... Kh8 10. Nbd2 h6 11. Nh4 Kh7 12. e4 e6 13. f4 d5 14. cxd5 cxd5 15. Rac1 Qb6 {0-1 (50) Serik,M (2261)-Pasko,A (2406) Dnipropetrovsk 2006}) 10. Nc3 Nxc3 11. Bxc3 Nd7 12. a4 Nf6 13. Nd2 Bd7 14. b5 Rab8 15. Rab1 e6 16. b6 axb6 17. Qxb6 Qc8 18. a5 Rd8 19. Rb2 Ne8 20. Rfb1 d5 21. a6 Nd6 22. cxd5 exd5 23. e3 Nb5 24. Ba5 Re8 $2 (24... bxa6 {keeps fighting.} 25. Qxd8+ Qxd8 26. Bxd8 Rxd8) 25. a7 Ra8 $18 26. Bf1 Nxa7 27. Qxb7 Nb5 28. Qxc8 1/2-1/2